| 000 | 00796nam a2200301 a 4500 | ||
|---|---|---|---|
| 001 | UByD002332 | ||
| 003 | AR-LpoUNG | ||
| 005 | 20240209151726.0 | ||
| 008 | 240209s2018||||ag a||||||||||||||||spa d | ||
| 020 | _a9789877293661 | ||
| 040 |
_aAR-LpoUNG _bspa _cAR-LpoUNG _eaacr |
||
| 041 | _aspa | ||
| 044 | _aag | ||
| 082 | 0 | _a808.068 3 386umi | |
| 100 | 1 | _aFerrero Mejía Gómez, María Fernanda | |
| 245 | 1 | 0 | _aUmi y su perro Rap |
| 250 | _a1ra. ed. | ||
| 260 |
_aBuenos Aires : _bProsa y Poesía Amerian, _c2018. |
||
| 300 |
_a22 p. : _bil. |
||
| 505 | 0 | _aSugerido a partir de 6 años (etiqueta AMARILLA) | |
| 650 | 4 | _aANIMALES | |
| 650 | 4 | _aLITERATURA | |
| 653 | 0 | _aLITERATURA INFANTIL | |
| 653 | 0 | _aAMISTAD | |
| 700 | 0 |
_aPupé, _eil. |
|
| 905 | _a40145 | ||
| 942 |
_cLIB _2ddc |
||
| 999 |
_c64847 _d64847 |
||